[Event "GER AM02-A email"]
[Site "GER email"]
[Date "2016.06.26"]
[Round "?"]
[White "Freeman, Michael Roy"]
[Black "Gburek, Juergen"]
[Result "1/2-1/2"]
[WhiteElo "2523"]
[BlackElo "2503"]
[PlyCount "52"]
[EventDate "2016.??.??"]
[EventType "tourn (corr)"]
[EventRounds "14"]
[EventCountry "GER"]
[SourceTitle "Corr 2017"]
[Source "ChessBase"]
[SourceDate "2017.09.19"]
[SourceVersion "1"]
[SourceVersionDate "2017.09.19"]
[SourceQuality "1"]

1. e4 c6 2. d4 d5 3. e5 c5 4. dxc5 e6 5. a3 Bxc5 6. b4 Be7 7. Nf3 a5 8. b5 Nd7 9. c4 Qc7 10. Bf4 dxc4 11. Nbd2 c3 12. Nc4 Nb6 13. Nd6+ Bxd6 14. exd6 Qd8 15. Bd3 Nf6 16. Be5 0-0 17. Bc2 Nfd5 18. Qd3 g6 19. h4 f6 20. h5 fxe5 21. hxg6 Qf6 22. Rxh7 Nf4 23. Qe4 Nxg2+ 24. Kf1 Qxf3 25. Rh8+ Kg7 26. Rh7+ Kg8 1/2-1/2

[Event "GER AM02-A email"]
[Site "GER email"]
[Date "2016.06.26"]
[Round "?"]
[White "Freeman, Michael Roy"]
[Black "Nekhaev, Andrey Ivanovich"]
[Result "1/2-1/2"]
[WhiteElo "2523"]
[BlackElo "2514"]
[PlyCount "56"]
[EventDate "2016.??.??"]
[EventType "tourn (corr)"]
[EventRounds "14"]
[EventCountry "GER"]
[SourceTitle "Corr 2017"]
[Source "ChessBase"]
[SourceDate "2017.09.19"]
[SourceVersion "1"]
[SourceVersionDate "2017.09.19"]
[SourceQuality "1"]

1. e4 c5 2. Nf3 d6 3. d4 cxd4 4. Nxd4 Nf6 5. Nc3 a6 6. g3 e5 7. Nde2 Be7 8. Bg2 0-0 9. 0-0 b5 10. Nd5 Nbd7 11. Nec3 Bb7 12. Be3 Rc8 13. a4 Nxd5 14. Nxd5 Bxd5 15. Qxd5 bxa4 16. Qd3 Nc5 17. Bxc5 Rxc5 18. Rxa4 a5 19. c3 Qc7 20. Ra2 g6 21. Rd1 h5 22. h4 Rb8 23. Bf1 Kg7 24. Be2 Qd7 25. Rd2 Qe6 26. Ra4 g5 27. hxg5 Bxg5 28. Qxd6 Qxd6 1/2-1/2